000 00198nam a2200097Ia 4500
008 220204s9999 xx 000 0 und d
082 _a82-3
_bJAK
100 _aJohn
245 0 _aLawless
942 _cBK
999 _c30914
_d30914